000 00415nam a2200181Ia 4500
005 20240823010742.0
008 240823s9999||||xx |||||||||||||| ||und||
082 _A420 P1
100 _aAggarwal R s
245 0 _aObjective General English
250 _a1st
260 _c2001
_b"S Chand,New Delhi"
500 _aYES
650 _aENG
_bEnglish
700 _a Vikas Aggrwal
942 _cBK
999 _c159547
_d159547